000 00328nam a2200133Ia 4500
008 230917s9999||||xx |||||||||||||| ||und||
040 _e93590
_aMAIN
041 _aEnglish
082 _a610 R145C
100 _aRaminder Singh
245 0 _aClinical significance of serum ferritin in leukaemias
300 _a87 p.
942 _cTH
999 _c74604
_d74604